| 000 | 00619nam a22002417a 4500 | ||
|---|---|---|---|
| 005 | 20250811161830.0 | ||
| 008 | 190926b xxu||||| |||| 00| 0 spa d | ||
| 020 | _a9789968747738 | ||
| 041 | _aESP | ||
| 082 | _aCR 861.44 A696m | ||
| 100 |
_aArias Uva, Minor _911922 |
||
| 245 | _aMédula africana: memorial de la esclavitud | ||
| 260 | _aCosta Rica | ||
| 260 | _bMirambell | ||
| 260 | _c2019 | ||
| 300 | _a86 páginas | ||
| 490 | _aTEMÁTICA GENERAL | ||
| 650 | _aTEMÁTICA GENERAL | ||
| 650 | _aPOESÍA COSTARRICENSE | ||
| 650 | _aLITERATURA COSTARRICENSE | ||
| 650 | _aCOSTA RICA | ||
| 942 |
_cBK _2ddc |
||
| 999 |
_c12363 _d12363 |
||